00497cam a2200181 i 4500020001700000040000800017082002600025100001800051245003800069260004900107300003300156490002800189650002400217650002800241700002200269942000700291999001700298 a2852060205 : cDLC00a621 TEC 1977 A036 Or.1 aSeguier, Guy.10aÉlectrotechnique industrielle / aParis :bTechnique et documentation,cc1977. axv, 391 p. :bill. ;c24 cm.0 aIngénieurs praticiens 0aElectric machinery. 0aElectrical engineering.1 aNotelet, Francis, cEK c11454d11454